000 00444nmm a2200157Ia 4500
008 251105s9999||||xx |||||||||||||||||und||
020 _a9789580613299
041 _aspa
100 _aMoreno Albarán, Efraín
245 0 _aCuentos de un juez
264 _a[Bogotá, Colombia] :
_bOveja Negra,
_c2016
300 _a91 páginas
650 _aLatin American narrative
856 _uhttps://public.digitaliapublishing.com/a/40733
942 _cCF
999 _c94972
_d94972